Introducción al derecho.
Gardado en:
| Autor Principal: | |
|---|---|
| Formato: | Unknown |
| Publicado: |
Santiago, Chile:
Thomson Reuters,
2022
|
| Edición: | Edición revisada. |
| Series: | Colección Tratados y Manuales
|
| Subjects: | |
| Tags: |
Engadir etiqueta
Sen Etiquetas, Sexa o primeiro en etiquetar este rexistro!
|
MARC
| LEADER | 00000 a2200000 4500 | ||
|---|---|---|---|
| 003 | CL-VaPUC | ||
| 005 | 20250320115300.0 | ||
| 008 | 220901t2022 ||||| |||| 00| 0 eng d | ||
| 999 | |c 438590 |d 438588 | ||
| 020 | |a 978-956-400-286-6 | ||
| 040 | |c Pontificia Universidad Católica de Valparaíso | ||
| 082 | 0 | 4 | |a 340.11 SQU 2022 |
| 100 | 1 | |a Squella Narduci, Agustín |9 876176 |e autor | |
| 245 | 1 | 0 | |a Introducción al derecho. |
| 250 | |a Edición revisada. | ||
| 260 | |a Santiago, Chile: |b Thomson Reuters, |c 2022 | ||
| 300 | |a 743 páginas. | ||
| 490 | 0 | |a Colección Tratados y Manuales | |
| 583 | |k Catalogador Asistente |c 20220901 | ||
| 650 | 0 | |a Filosofía del derecho |9 255050 | |
| 650 | 0 | |a Historia del derecho |9 255109 | |
| 650 | 0 | |a Fuentes del derecho |9 255162 | |
| 650 | 0 | |a Derechos fundamentales |9 254841 | |
| 650 | 0 | |a Interpretación del derecho |9 897258 | |
| 650 | 0 | |a Ordenamiento jurídico |9 355371 | |
| 942 | |2 ddc |c BK | ||
| 952 | |0 0 |1 0 |2 ddc |4 0 |6 340_110000000000000_SQU_2022 |7 0 |8 A |9 586549 |a BIBDER |b BIBDER |c GEN |d 2022-09-01 |e 31 |g 0.00 |i 5654537 |l 22 |m 1 |o 340.11 SQU 2022 |p 5654537 |r 2025-03-17 |s 2025-03-11 |t 1 |v 0.00 |w 2022-09-01 |y BK |k DER | ||